Employment and Earnings Survey 2012: (Record no. 6862)

MARC details
000 -LEADER
fixed length control field 00403nam a22001097a 4500
008 - FIXED-LENGTH DATA ELEMENTS--GENERAL INFORMATION
fixed length control field 200331b ||||| |||| 00| 0 eng d
245 ## - TITLE STATEMENT
Title Employment and Earnings Survey 2012:
Remainder of title Analytical Report Tanzania Mainland/
Statement of responsibility, etc. Ministry of Finance.-
Medium English.
260 ## - PUBLICATION, DISTRIBUTION, ETC. (IMPRINT)
Place of publication, distribution, etc. Dar Es Salaam:
Name of publisher, distributor, etc. National Bureau of Statistics,
Date of publication, distribution, etc. 2013.
300 ## - PHYSICAL DESCRIPTION
Extent x, 37p;
Other physical details Tables,
Dimensions 30cm.-
650 ## - SUBJECT ADDED ENTRY--TOPICAL TERM
Source of heading or term EMPLOYMENT SURVEYS
942 ## - ADDED ENTRY ELEMENTS (KOHA)
Source of classification or shelving scheme Dewey Decimal Classification
Koha item type BOOKS

No items available.

IRDP © 2021 :: Managed by ICT Team